00753nam a2200157 a 4500003000200000005001700002008004100019050002700060100002600087245019000113260009000303300004600393504004100439650007500480650004000555020250507122912.0050808s19uu xx 00 eng d aPHS LC 4091b.R49 2005 aReyes, Arah Cheryl C. aA Comparative study between Southville International School and Colleges and CAA Las Piñas National High School - CAA Annex students on their motivation to study /cArah Cheryl Reyes. aLas Piñas City, Philippines :bSouthville International School and Colleges,c2005. a41 pages :bcolor illustrations ;c28 cm. aIncludes bibliographical references. 2Library of Congress Subject HeadingsaStudent motivationzPhilippines. aComparative educationzPhilippines.